[Event "Medan op"]
[Site "Medan"]
[Date "2023.12.08"]
[Round "6"]
[White "Hamdani, Rudin"]
[Black "Eshbaev, Avazbek"]
[Result "1/2-1/2"]
[WhiteElo "2308"]
[BlackElo "2066"]
[PlyCount "96"]
[EventDate "2023.12.05"]
[EventType "swiss"]
[EventRounds "9"]
[EventCountry "INA"]
[SourceTitle "EXT 2025"]
[Source "ChessBase"]
[SourceDate "2024.10.14"]
[SourceVersion "1"]
[SourceVersionDate "2024.10.14"]
[SourceQuality "1"]

1. d4 f5 2. Nc3 Nf6 3. Bg5 Nc6 4. Bxf6 exf6 5. e3 d5 6. Qf3 Ne7 7. Bd3 c6 8. Nge2 Be6 9. h3 Qd7 10. a3 Nc8 11. Nf4 Nd6 12. Nxe6 Qxe6 13. g4 g6 14. Ne2 0-0-0 15. gxf5 Nxf5 16. Bxf5 Qxf5 17. Qxf5+ gxf5 18. Ng3 f4 19. exf4 Re8+ 20. Kd2 Bd6 21. Nh5 Re4 22. Kd3 f5 23. Rae1 Rhe8 24. Rxe4 fxe4+ 25. Ke3 Rg8 26. Ng3 Kd7 27. Rg1 h5 28. f3 exf3 29. Kxf3 c5 30. dxc5 Bxc5 31. Rd1 h4 32. Ne4 Kc6 33. Ng5 Re8 34. Rd2 Be3 35. Rd1 d4 36. c3 dxc3 37. bxc3 Bc5 38. Ne4 Bxa3 39. Ra1 Bc5 40. Nxc5 Kxc5 41. Kg4 Ra8 42. Kxh4 a5 43. f5 a4 44. Ra3 b5 45. Kg5 Rg8+ 46. Kf4 Rh8 47. Kg4 Rg8+ 48. Kf4 Rh8 1/2-1/2

[Event "Medan op"]
[Site "Medan"]
[Date "2023.12.07"]
[Round "5"]
[White "Zulkifli"]
[Black "Eshbaev, Avazbek"]
[Result "0-1"]
[WhiteElo "1452"]
[BlackElo "2066"]
[PlyCount "108"]
[EventDate "2023.12.05"]
[EventType "swiss"]
[EventRounds "9"]
[EventCountry "INA"]
[SourceTitle "EXT 2025"]
[Source "ChessBase"]
[SourceDate "2024.10.14"]
[SourceVersion "1"]
[SourceVersionDate "2024.10.14"]
[SourceQuality "1"]

1. e4 e5 2. Nc3 Nf6 3. Nf3 Nc6 4. a3 Be7 5. Bb5 0-0 6. 0-0 d6 7. h3 Bd7 8. Re1 h6 9. Bxc6 Bxc6 10. d4 Re8 11. b4 b6 12. Bb2 Bf8 13. dxe5 dxe5 14. Qe2 a5 15. Rad1 Qe7 16. b5 Bb7 17. Qc4 Qc5 18. Qd3 Qe7 19. Nh4 Red8 20. Nf5 Qe8 21. Qg3 Rxd1 22. Rxd1 g6 23. Qh4 gxf5 24. Qxf6 fxe4 25. Nd5 Bg7 26. Qf5 Rd8 27. c4 Bxd5 28. cxd5 Qxb5 29. Bxe5 Qd7 30. Qf4 Bxe5 31. Qxe5 Re8 32. Qf4 Qd6 33. Qe3 Re5 34. Qd4 Kf8 35. g3 Ke8 36. Kg2 Kd8 37. a4 Kc8 38. Qc4 Kb8 39. Qd4 f5 40. Rd2 Kb7 41. Qc4 e3 42. fxe3 Rxe3 43. Qf4 Qxf4 44. gxf4 Re4 45. Kf3 Rxa4 46. d6 cxd6 47. Rxd6 Ra3+ 48. Kg2 Rc3 49. Rxh6 a4 50. Re6 a3 51. h4 b5 52. h5 b4 53. h6 b3 54. h7 Rc8 0-1

[Event "Bekasi Scua op 2nd"]
[Site "Bekasi"]
[Date "2022.04.15"]
[Round "5"]
[White "Tan, Steven"]
[Black "Eshbaev, Avazbek"]
[Result "0-1"]
[WhiteElo "1665"]
[BlackElo "2073"]
[PlyCount "126"]
[EventDate "2022.04.13"]
[EventType "swiss"]
[EventRounds "9"]
[EventCountry "INA"]
[SourceTitle "EXT 2023"]
[Source "ChessBase"]
[SourceDate "2022.10.05"]
[SourceVersion "1"]
[SourceVersionDate "2022.10.05"]
[SourceQuality "1"]

1. e4 e6 2. d4 d5 3. Nc3 dxe4 4. Nxe4 Bd7 5. Nf3 Bc6 6. Bd3 Nd7 7. 0-0 Ngf6 8. Nxf6+ Qxf6 9. Be2 Bd6 10. Be3 h6 11. c4 Be4 12. Nd2 Bf5 13. c5 Be7 14. Bf3 c6 15. Qb3 Rb8 16. Nc4 0-0 17. Rad1 Rfc8 18. Rfe1 g5 19. Ne5 Nf8 20. Bh5 Bg6 21. Bxg6 fxg6 22. Ng4 Qg7 23. f4 h5 24. Ne5 g4 25. Bf2 Rd8 26. Re4 Kh7 27. Qa4 Ra8 28. Qb3 Bf6 29. Nc4 Rd7 30. Nd6 Be7 31. Nc4 Bd8 32. Rde1 Qf6 33. Ne5 Rg7 34. Qc2 Bc7 35. Nd3 Rd8 36. b4 a6 37. a4 Rf7 38. Qb1 Rd5 39. b5 axb5 40. axb5 Rf5 41. g3 Kg8 42. bxc6 bxc6 43. Ne5 Bxe5 44. dxe5 Qe7 45. Qd1 g5 46. Be3 gxf4 47. gxf4 Ng6 48. Qd6 Kg7 49. Rd1 Qe8 50. Rdd4 Qc8 51. Bd2 Nh4 52. Qd8 Nf3+ 53. Kg2 Qb7 54. Rb4 Qa7 55. Qb6 Qd7 56. Be3 Qd1 57. Bf2 Nd2 58. Re1 Qf3+ 59. Kg1 Rxf4 60. Rxf4 Qxf4 61. Bg3 Qd4+ 62. Kg2 Qd5+ 63. Kg1 Nf3+ 0-1

[Event "Bekasi Scua op 2nd"]
[Site "Bekasi"]
[Date "2022.04.14"]
[Round "3"]
[White "Hakky, Madya"]
[Black "Eshbaev, Avazbek"]
[Result "0-1"]
[WhiteElo "1712"]
[BlackElo "2073"]
[PlyCount "132"]
[EventDate "2022.04.13"]
[EventType "swiss"]
[EventRounds "9"]
[EventCountry "INA"]
[SourceTitle "EXT 2023"]
[Source "ChessBase"]
[SourceDate "2022.10.05"]
[SourceVersion "1"]
[SourceVersionDate "2022.10.05"]
[SourceQuality "1"]

1. e4 e5 2. Nf3 Nc6 3. Bb5 Bc5 4. 0-0 Nge7 5. c3 Bb6 6. d4 exd4 7. cxd4 d5 8. exd5 Nxd5 9. Re1+ Be6 10. Ne5 0-0 11. Nxc6 bxc6 12. Bxc6 Rb8 13. Nc3 Nb4 14. d5 Bf5 15. Ba4 Nd3 16. Rf1 Ba5 17. Bc2 Bxc3 18. Bxd3 Bxd3 19. Qxd3 Bxb2 20. Bxb2 Rxb2 21. Qd4 Rb6 22. Rfd1 Qd7 23. g3 h6 24. Rac1 Re8 25. a4 a6 26. Rc5 Re7 27. a5 Rb5 28. Rxc7 Qxc7 29. d6 Qd7 30. dxe7 Qxe7 31. Rc1 Rxa5 32. Rc8+ Kh7 33. Qc3 Qe5 34. Qd3+ f5 35. Qb3 Qd5 36. Qc3 Qd1+ 37. Kg2 Ra1 38. Qc4 Qh1+ 39. Kh3 Qf1+ 40. Qxf1 Rxf1 41. Kg2 Ra1 42. Kf3 g5 43. h4 Ra3+ 44. Ke2 gxh4 45. gxh4 Kg6 46. f3 Kh5 47. Rc4 Ra5 48. Kf2 Rb5 49. Kg3 a5 50. Rd4 Rb6 51. Rd5 Ra6 52. Rxf5+ Kg6 53. Rc5 a4 54. h5+ Kf6 55. Rc2 a3 56. Ra2 Kg5 57. f4+ Kxh5 58. Kf3 Ra4 59. Kg3 Kg6 60. Kg4 Kf6 61. Kh5 Ra8 62. Kg4 Ra5 63. f5 Ra4+ 64. Kh5 Ra8 65. Kg4 Ra5 66. Kh5 Ra4 0-1

[Event "Tashkent Hokim Cup"]
[Site "Tashkent"]
[Date "2009.07.18"]
[Round "2"]
[White "Karimov, Ibragim"]
[Black "Eshbaev, Avazbek"]
[Result "1-0"]
[WhiteElo "2357"]
[BlackElo "2116"]
[PlyCount "53"]
[EventDate "2009.07.17"]
[EventType "swiss"]
[EventRounds "9"]
[EventCountry "UZB"]
[SourceTitle "CBM 131 Extra"]
[Source "ChessBase"]
[SourceDate "2009.09.03"]
[SourceVersion "2"]
[SourceVersionDate "2009.09.16"]
[SourceQuality "1"]

1. Nf3 d6 2. d4 f5 3. c4 Nf6 4. Nc3 g6 5. g3 Bg7 6. Bg2 0-0 7. d5 Na6 8. 0-0 Qe8 9. Nd4 Bd7 10. e4 fxe4 11. Nxe4 Nxe4 12. Bxe4 Bh3 13. Bg2 Bxg2 14. Kxg2 Nc5 15. b4 e5 16. Nb5 Na6 17. Rb1 Qd7 18. Be3 c6 19. dxc6 Qxc6+ 20. Qd5+ Rf7 21. Qxc6 bxc6 22. Nxd6 Rd7 23. Ne4 Nc7 24. Rfd1 Re7 25. Rd6 a5 26. bxa5 Rxa5 27. Rb7 1-0